logo

Bir Sreshtho Munshi Abdur Rouf Library
Jhenaidah Cadet College

মুক্তিযুদ্ধের কিশোর ইতিহাস : (Record no. 11377)

MARC details
000 -LEADER
fixed length control field 01042nam a2200253 a 4500
001 - CONTROL NUMBER
JCCL Control Number 11377
003 - CONTROL NUMBER IDENTIFIER
JCCL marc code BD-JhCC
005 - DATE AND TIME OF LATEST TRANSACTION
control field 20190905121614.0
008 - FIXED-LENGTH DATA ELEMENTS--GENERAL INFORMATION
fixed length control field 190519b2017 ban||||| a||| 00| 0 eng d
020 ## - INTERNATIONAL STANDARD BOOK NUMBER
International Standard Book Number 9847009603815
035 ## - SYSTEM CONTROL NUMBER
system control number (BD-JhCC)11377
040 ## - CATALOGING SOURCE
Original cataloging agency BD-JhCC
Modifying agency BD-JhCC
041 ## - LANGUAGE CODE
Language code of Book ben
082 ## - DEWEY DECIMAL CLASSIFICATION NUMBER
Author mark and Year MOL 2017
Classification number 954.9205
100 ## - MAIN ENTRY--PERSONAL NAME
Personal name মল্লিক, মুকুল কুমার
245 ## - TITLE STATEMENT
Title মুক্তিযুদ্ধের কিশোর ইতিহাস :
Remainder of title গাজীপুর জেলা /
Statement of responsibility, etc মুকুল কুমার মল্লিক, সম্পাদনায় আমিনুর রহমান সুলতান
260 ## - PUBLICATION, DISTRIBUTION, ETC. (IMPRINT)
Place of publication, distribution, etc ঢাকা: বাংলাদেশ
Name of publisher, distributor, etc তাম্রলিপি;
Date of publication, distribution, etc 2017.
300 ## - PHYSICAL DESCRIPTION
Pagination 135 pages:
Other physical details include illustration
Dimensions 20 cm
650 ## - SUBJECT ADDED ENTRY--TOPICAL TERM
Topical term or geographic name as entry element Liberation War
Chronological subdivision 1971
Geographic subdivision Jhenaidah, Bangladesh
651 ## - SUBJECT ADDED ENTRY--GEOGRAPHIC NAME
Geographic name Bangladesh Freedomfiteng
General subdivision Bangladesh
700 ## - ADDED ENTRY--PERSONAL NAME
Personal name সুলতান, আমিনুর রহমান
942 ## - ADDED ENTRY ELEMENTS (KOHA)
Source of classification or shelving scheme Dewey Decimal Classification
Koha item type Books
Holdings
Source of classification or shelving scheme Damaged status Not for loan Home library Current library Shelving location Date of accession Cost, normal purchase price Total Checkouts Full call number Barcode Date last seen Copy number Koha item type
Dewey Decimal Classification     JCC Rouf Library JCC Rouf Library General Stacks 06/05/2019 191.00   954.9205 MOL 2017 15486 09/05/2019 C-1 Books

JCC Library | Contacts | JCC Home

Last Update on 23 September 2017
Copyright @ 2017-2020 JCC Rouf Library
Rouf Library, Jhenidah Cadet College (JCC), Bangladesh